Tous les jeux Assassin's Creed (spinoff inclus) - Statistiques

Statistiques générales
  • Ce quiz a été pris 63 fois
  • Le résultat moyen est 16 sur 28
Statistiques - réponses
Année Nom % Correct
2007 Assassin's Creed
96%
2009 Assassin's Creed II
96%
2012 Assassin's Creed III
96%
2013 Assassin's Creed IV: Black Flag
96%
2018 Assassin's Creed Odyssey
96%
2014 Assassin's Creed Unity
94%
2017 Assassin's Creed Origins
92%
2020 Assassin's Creed Valhalla
88%
2015 Assassin's Creed Syndicate
84%
2010 Assassin's Creed: Brotherhood
78%
2023 Assassin's Creed Mirage
75%
2011 Assassin's Creed: Revelations
75%
2025 Assassin's Creed Shadows
71%
2014 Assassin's Creed: Rogue
69%
2016 Assassin's Creed Chronicles: India
47%
2012 Assassin's Creed: Liberation
47%
2015 Assassin's Creed Chronicles: China
45%
2016 Assassin's Creed Chronicles: Russia
43%
2014 Assassin's Creed Freedom Cry
31%
? Assassin's Creed Codename: Hexe
29%
2009 Assassin's Creed: Bloodlines
25%
2025 ? Assassin's Creed Codename: Jade
24%
2023 Assassin's Creed Nexus
20%
2008 Assassin's Creed: Altaïr's Chronicles
16%
2009 Assassin's Creed II: Discovery
16%
2013 Assassin's Creed Pirates
14%
2018 Assassin's Creed Rebellion
10%
2016 Assassin's Creed Identity
4%
Aucun quiz correspondant
Distribution des résultats
% des personnes avec chaque résultat
Percentile par nombre de réponses
Votre historique - résultats
Vous n’avez pas pris ce quiz